000 00410nam a22001577a 4500
005 20160518170441.0
008 160518b xxu||||| |||| 00| 0 eng d
041 _aeng
082 _b3073
100 _aChunawalla SA & Patel D.R.
_9764
245 _aProduction and Operations Management
260 _aNew Delhi
_bHimalaya Publishing House,
_c2009
300 _a667
650 _aManagement
_9241
942 _cBK
999 _c1050
_d1050